Using Samba
Αποθηκεύτηκε σε:
| Κύριος συγγραφέας: | |
|---|---|
| Άλλοι συγγραφείς: | , |
| Μορφή: | Βιβλίο |
| Γλώσσα: | English |
| Δημοσίευση: |
Sebastopol, Calif. :
O'Reilly & Associates,
c2000
|
| Θέματα: | |
| Ετικέτες: |
Προσθήκη ετικέτας
Δεν υπάρχουν, Καταχωρήστε ετικέτα πρώτοι!
|
MARC
| LEADER | 00000cam a2200000 i 4500 | ||
|---|---|---|---|
| 001 | 1/3143 | ||
| 008 | 000517s2000 eng d | ||
| 020 | |a 1-56592-449-5 | ||
| 035 | |l 10060693 | ||
| 040 | |a GR-MY-UA |b gre |e aacr | ||
| 041 | 0 | |a eng | |
| 082 | 0 | |a 005.4476 | |
| 100 | 1 | |a Eckstein, Robert. | |
| 245 | 1 | 0 | |a Using Samba / |c Robert Eckstein, David Collier-Brown, and Peter Kelly |
| 260 | |a Sebastopol, Calif. : |b O'Reilly & Associates, |c c2000 | ||
| 300 | |a xv, 398 p.; |b ill.; |c 24 cm. ++ |e 1 computer laser optical disk (4 3/4 in.) | ||
| 630 | 0 | 0 | |a Samba (Computer file) |
| 630 | 0 | 0 | |a UNIX (Computer file) |
| 650 | 0 | 0 | |a Client/server computing. |
| 700 | 1 | |a Kelly, Peter. | |
| 700 | 1 | |a Collier-Brown, David. | |
| 852 | |a INST |b SAMOS |e 20000517 |h 005.4476 ECK |p 005300015494 |q 005300015494 |t BK |y 0 | ||
| 852 | |a INST |b SAMOS |e 20000517 |h 005.4476 ECK |p 005300015493 |q 005300015493 |t BK |y 0 | ||
| 901 | |a BIBL3-2000-2 | ||
| 909 | |a Σ |b 067628 | ||
| 909 | |a Σ |b 067627 | ||
| 922 | |a 3ΕΛΗ |b 200001 |c ΤΠΕΣ/ΤΑΚΤ |d ΠΑΠΑΣΩΤΗΡΙΟΥ | ||
| 970 | |z 2000/05/ΜΠΡΑΤΤΗΣ | ||